Public Health Nursing: Policy, Politics and Practice 1st (Record no. 252218)
[ view plain ]
| 000 -LEADER | |
|---|---|
| fixed length control field | 00306nam a22001097a 4500 |
| 020 ## - INTERNATIONAL STANDARD BOOK NUMBER | |
| ISBN | 9781401839659 |
| 100 ## - MAIN ENTRY--AUTHOR NAME | |
| Personal name | IVANOV L. LOUISE & BLUE CAROLYN L. |
| 245 ## - TITLE STATEMENT | |
| Title | Public Health Nursing: Policy, Politics and Practice 1st |
| 260 ## - PUBLICATION, DISTRIBUTION, ETC. (IMPRINT) | |
| Place of publication | USA |
| Name of publisher | DELMAR CENGAGE LEARNING |
| Year of publication | 2008 |
| 300 ## - PHYSICAL DESCRIPTION | |
| Number of Pages | 791 |
| Other physical details | ILL |
| 942 ## - ADDED ENTRY ELEMENTS (KOHA) | |
| Koha item type | Long Loan Books |
| Withdrawn status | Lost status | Collection code | Home library | Current library | Shelving location | Date acquired | Full call number | Accession Number | Koha item type |
|---|---|---|---|---|---|---|---|---|---|
| Non-fiction | Rongo University Library | Rongo University Library | General Stacks | 28/01/2016 | RT97 .P833 2008 | 20169429 | Long Loan Books | ||
| Non-fiction | Rongo University Library | Rongo University Library | General Stacks | 09/10/2019 | RT97.P8332008 | 2019201806 | Long Loan Books |
